000
00326nam a22001457a 4500
008
230516b ||||| |||| 00| 0 eng d
020
_a
1557756732
041
_a
eng
080
_a
37
082
_a
37IQB
100
_a
23
101
_a
EDU
245
_a
EXTERNAL FINANCE FOR LOW INCOME COUNTRIES
_c
IQBAL.Z
942
_2
udc
_c
BK
999
_c
59749
_d
59749